| 000 | 00775nam a22002177a 4500 | ||
|---|---|---|---|
| 003 | LK-CoDNM | ||
| 005 | 20241018101751.0 | ||
| 008 | 241015b |||||||| |||| 00| 0 eng d | ||
| 040 |
_aLK-CoDNM _dLK-CoDNM _eLK-CoDNM |
||
| 041 |
_aeng _hSinhala |
||
| 080 |
_aප්ර.ද _b13.1 |
||
| 245 |
_aදින දින මාසික සගරාව- 1953 _b2 කාණ්ඩය 1 කලාපය |
||
| 260 |
_aකොළඹ _bදිනමිණ මුද්රණාලය _c1953 |
||
| 300 | _b38p. ; 25 cm | ||
| 650 | _aදින දින මාසික සගරාව- 1953 | ||
| 650 | _aදිනමිණ මුද්රණාලය | ||
| 650 | _a2 කාණ්ඩය 1 කලාපය | ||
| 650 | _aප්ර.ද 13.1 | ||
| 650 | _a1953 | ||
| 942 | _cBK | ||
| 999 |
_c219967 _d219967 |
||